UK Town and City Trivia - Sheffield - Statistics

General Stats
  • This quiz has been taken 60 times
  • The average score is 9 of 15
Answer Stats
Hint Answer % Correct
Nickname of Sheffield due to its industrial heritage in making a particular alloy {Steel} City
100%
Sheffield's two professional football teams Sheffield Wednesday
96%
Sheffield United
94%
One of two universities in Sheffield Sheffield {Hallam}
84%
Sheffield theatre best known for hosting snooker's most prestigious tournament Crucible
80%
Largest of the rivers that flows through Sheffield Don
71%
Rock band from Sheffield who had a hit with 'Do I Wanna Know?' Arctic Monkeys
69%
Sheffield born athlete who won Olympic heptathlon gold in 2012 Jessica Ennis-Hill
67%
1997 film, set in Sheffield about unemployed workers who set up a striptease act The Full Monty
65%
Sheffield-born football player who went on to play for Leicester City and England Jamie Vardy
61%
Sheffield-born musician and front-man of the 'Britpop' band Pulp Jarvis Cocker
57%
Route number of the road that connects Sheffield with Glossop via the Snake Pass A57
37%
Art and design museum that houses Sheffield's 'metalwork collection' {Millennium} Gallery
31%
Inventor of a way of making the above alloy that greatly improved Sheffield's fortunes Henry Bessemer
18%
Name given to metal items made by fusing a thin sheet of silver on to copper Sheffield {plate}
14%
No matching quizzes found
Score Distribution
Percent of People with Each Score
Percentile by Number Answered
Your Score History
You have not taken this quiz